000 01641nam0 2200361 ib4500
001 BY-MI0001-br8961874
010 ^a978-5-00132-332-7
^d1.08 р.
100 ^a20260225d2025 c y0rusy50 ca
101 0 ^arus
102 ^aRU
105 ^aa z 000oy
109 ^ama
200 1 ^aДюймовочка
^e[для младшего школьного возраста]
^fХанс Кристиан Андерсен
^gперевод с датского Анны Ганзен
^cхудожники Виктор и Галина Нечитайло
210 ^aМосква
^cВАКОША
^d2025
215 ^a15, [1] с.
^cил.
^d24 см
225 1 ^aСказка за сказкой
333 ^a6+
345 ^93000 экз.
608 ^aСКАЗКА
^3BY-NLB-ar30342
^2BYGNR
606 ^aДЕТСКАЯ И ЮНОШЕСКАЯ ЛИТЕРАТУРА
^3BY-NLB-ar2691728
^2DVNLB
606 ^aДАТСКАЯ ЛИТЕРАТУРА
^3BY-NLB-ar8587
^2DVNLB
686 ^a84(4Дан) мл.
^2rubbk
690 ^a1
^2Base
^9BY-MI0001
^xRSEK
700 1 ^aАндерсен
^bХ. К.
^gХанс Кристиан
^cписатель
^f1805—1875
^3BY-NLB-ar98427
702 1 ^aГанзен
^bА. В.
^gАнна Васильевна
^cпереводчица
^f1869—1942
^3BY-SEK-1516535
702 1 ^aНечитайло
^bВ. В.
^gВиктор Владимирович
^cхудожник
^3BY-SEK-ar14455927
702 1 ^aНечитайло
^bГ.
^gГалина
^4040
801 0 ^aBY
^bBY-MI0001
^c20260225
^gRCR
035 ^a(BY-MI0001)BY-MI0001-br8961874
899 0 ^aBY-MI0001
^iА65
^h84